=LDR 00000nam 2200000 4500 =001 INLIS000000000059888 =005 20211213100618 =035 ##$$a 0010-1221000115 =007 ta =008 211213###########################0#ind## =020 ##$$a 979-518-903-4 =082 ##$$a 370.9 =084 ##$$a 370.9 Had m =245 1#$$a Mencari Sosok Desentralisasi Manajemen Pendidikan di Indonesia /$c Drs. Hadiyanto,M.Ed. =300 ##$$a vii,208 halaman : $b Ilustrasi ; $c 21 cm. =650 #4$$a Pendidikan - Indonesia =264 ##$$a jakarta :$b Rineka Cipta,$c 2004 =336 ##$$a teks$2 rdacontent =337 ##$$a lain-lain$2 rdamedia =338 ##$$a lain-lain$2 rdacarrier =990 ##$$a 35243524